Central Library OPAC University of Rajshahi

S. K. De memorial volume / (Record no. 23979)

MARC details
000 -LEADER
fixed length control field 00839cam a2200277 4500
001 - CONTROL NUMBER
control field 23979
003 - CONTROL NUMBER IDENTIFIER
rucl marc code BD-RjUL
005 - DATE AND TIME OF LATEST TRANSACTION
control field 20211209001008.0
008 - FIXED-LENGTH DATA ELEMENTS--GENERAL INFORMATION
fixed length control field 140312s1972 ii 010 0beng d
035 ## - SYSTEM CONTROL NUMBER
System control number (BD-RjUL)24044
040 ## - CATALOGING SOURCE
Original cataloging agency DLC
Transcribing agency DLC
Modifying agency DLC
-- BD-RjUL
Language of cataloging eng
041 ## - LANGUAGE CODE
Language code of text/sound track or separate title eng
082 00 - DEWEY DECIMAL CLASSIFICATION NUMBER
Classification number 491.1
Author mark and year SKD 1972
245 00 - TITLE STATEMENT
Title S. K. De memorial volume /
Statement of responsibility, etc. Editors: R. C. Hazra and S. C. Banerji.
260 ## - PUBLICATION, DISTRIBUTION, ETC. (IMPRINT)
Place of publication, distribution, etc. Calcutta :
Name of publisher, distributor, etc. Firma K. L. Mukhopadhyay,
Date of publication, distribution, etc. 1972.
300 ## - PHYSICAL DESCRIPTION
Pagination xiv, 378 p. ;
Size 23 cm.
350 ## - PRICE (NR) (BK AM CF MU VM SE) [OBSOLETE]
Price Rs60.00
600 10 - SUBJECT ADDED ENTRY--PERSONAL NAME
Personal name De, Sushil Kumar.
650 #0 - SUBJECT ADDED ENTRY--TOPICAL TERM
Topical term or geographic name as entry element Indic philology.
9 (RLIN) 68355
700 1# - ADDED ENTRY--PERSONAL NAME
Personal name De, Sushil Kumar.
Personal name Hazra, R. C.
Fuller form of name (Rajendra Chandra),
Dates associated with a name 1905-1982,
Relator term ed.
Personal name Banerji, Sures Chandra,
Dates associated with a name 1917-
942 ## - ADDED ENTRY ELEMENTS (KOHA)
Source of classification or shelving scheme Dewey Decimal Classification
Koha item type Books
Holdings
Lost status Source of classification or shelving scheme Damaged status Not for loan Collection code Permanent Location Current Location Shelving location Date acquired Source of acquisition Cost, normal purchase price Total Checkouts Full call number Date last seen Copy number Koha item type
  Dewey Decimal Classification   Added to bundle Non-fiction Central Library, University of Rajshahi Central Library, University of Rajshahi Reading Room 27/03/1976 K.O.B 60.00   491.1 SKD 1972 12/03/2014 C-1 Books